[Event "GER-ch Youth-A"]
[Site "Willingen"]
[Date "2022.06.05"]
[Round "1"]
[White "Panjer, Sidney"]
[Black "Schwartz, Oliver"]
[Result "1-0"]
[WhiteElo "2043"]
[BlackElo "1753"]
[PlyCount "71"]
[EventDate "2022.06.04"]
[EventType "swiss"]
[EventRounds "9"]
[EventCountry "GER"]
[SourceTitle "CBM 208 Extra"]
[Source "ChessBase"]
[SourceDate "2022.07.31"]
[SourceVersion "1"]
[SourceVersionDate "2022.07.31"]
[SourceQuality "1"]

1. Nf3 Nf6 2. c4 e6 3. g3 d5 4. d4 b6 5. Bg2 Bb7 6. 0-0 Be7 7. Nc3 0-0 8. Ne5 Nc6 9. cxd5 exd5 10. Qa4 Nxe5 11. dxe5 Ne8 12. Nxd5 Bxd5 13. Rd1 c6 14. e4 Nc7 15. exd5 cxd5 16. Bf4 Re8 17. Rac1 Bc5 18. b4 Bf8 19. e6 Nxe6 20. Bxd5 Nxf4 21. gxf4 Qh4 22. Bxa8 Rxa8 23. Qc6 Rb8 24. Qe4 g6 25. Rd4 h5 26. Qe3 Bh6 27. Rcd1 Bg7 28. Rd7 Bh6 29. Qg3 Qf6 30. R1d6 Qxf4 31. Qxf4 Bxf4 32. Rf6 Bh6 33. Rfxf7 a5 34. Rb7 axb4 35. Rxb8+ Kxf7 36. Rb7+ 1-0

[Event "GER-chT Lands U20"]
[Site "Neumuenster"]
[Date "2021.10.05"]
[Round "6.6"]
[White "Schwartz, Oliver"]
[Black "Reitz, Theresa"]
[Result "1/2-1/2"]
[WhiteElo "1761"]
[BlackElo "1848"]
[PlyCount "82"]
[EventDate "2021.10.01"]
[EventType "team-swiss"]
[EventRounds "7"]
[EventCountry "GER"]
[SourceTitle "CBM 204 Extra"]
[Source "ChessBase"]
[SourceDate "2021.11.30"]
[SourceVersion "1"]
[SourceVersionDate "2021.11.30"]
[SourceQuality "1"]
[WhiteTeam "Wuerttemberg"]
[BlackTeam "Rheinland Pfalz"]
[WhiteTeamCountry "GER"]
[BlackTeamCountry "GER"]

1. d4 Nf6 2. c4 g6 3. Nc3 d5 4. cxd5 Nxd5 5. e4 Nxc3 6. bxc3 Bg7 7. Nf3 c5 8. Be2 Nc6 9. d5 Ne5 10. Nxe5 Bxe5 11. Bd2 0-0 12. 0-0 e6 13. Bh6 Bxh2+ 14. Kxh2 Qh4+ 15. Kg1 Qxh6 16. c4 exd5 17. exd5 Bf5 18. Bg4 Be4 19. Re1 Qf4 20. g3 Qe5 21. f4 Qc3 22. Qb3 Qd4+ 23. Qe3 Qxc4 24. Qxe4 Qxe4 25. Rxe4 f5 26. Re7 fxg4 27. Rxb7 Rfe8 28. Rc1 Re3 29. Kf2 Rf3+ 30. Kg2 Re8 31. Rxc5 Re2+ 32. Kg1 Rxg3+ 33. Kf1 Rge3 34. Rc8+ Re8 35. Rxe8+ Rxe8 36. Rxa7 Re4 37. d6 Rxf4+ 38. Kg2 Rd4 39. d7 Kf8 40. d8Q+ Rxd8 41. Rxh7 Rd2+ 1/2-1/2

[Event "GER-chT U14"]
[Site "Willingen"]
[Date "2021.06.27"]
[Round "7.6"]
[White "Schwartz, Oliver"]
[Black "Eull, Emil"]
[Result "1-0"]
[WhiteElo "1835"]
[BlackElo "1662"]
[PlyCount "87"]
[EventDate "2021.06.23"]
[EventType "team-swiss"]
[EventRounds "7"]
[EventCountry "GER"]
[SourceTitle "EXT 2022"]
[Source "ChessBase"]
[SourceDate "2021.10.06"]
[SourceVersion "1"]
[SourceVersionDate "2021.10.06"]
[SourceQuality "1"]
[WhiteTeam "Ostfildern"]
[BlackTeam "Neuberg"]
[WhiteTeamCountry "GER"]
[BlackTeamCountry "GER"]

1. d4 g6 2. e4 Bg7 3. Nc3 d6 4. Be3 a6 5. f4 b5 6. a3 Nd7 7. Nf3 Bb7 8. Bd3 c5 9. h3 Rc8 10. 0-0 cxd4 11. Nxd4 Ngf6 12. Qd2 0-0 13. Rf3 Nc5 14. e5 Nfe4 15. Nxe4 Nxe4 16. Bxe4 Bxe4 17. Rff1 dxe5 18. fxe5 Bxe5 19. c3 Bb7 20. Rae1 Bg7 21. Bg5 Rc7 22. Re2 Rd7 23. Rfe1 Re8 24. Qf4 Bd5 25. Qh4 Bxd4+ 26. cxd4 Be6 27. Re4 Rd6 28. R1e2 Qd7 29. Bd2 Rc6 30. Bc3 f6 31. Qe1 Kf7 32. Qh4 h5 33. g4 Rh8 34. g5 Qd5 35. gxf6 exf6 36. Qf2 Re8 37. Re5 Rxc3 38. bxc3 Qb7 39. d5 Bd7 40. Rxe8 Bxe8 41. Re6 f5 42. Qd4 Qb8 43. Qh4 Qc7 44. Qf6+ 1-0

[Event "GER-chT U14"]
[Site "Willingen"]
[Date "2021.06.24"]
[Round "1.3"]
[White "Schwartz, Oliver"]
[Black "Ermitsch, Magnus"]
[Result "1-0"]
[WhiteElo "1835"]
[BlackElo "2115"]
[PlyCount "75"]
[EventDate "2021.06.23"]
[EventType "team-swiss"]
[EventRounds "7"]
[EventCountry "GER"]
[SourceTitle "EXT 2022"]
[Source "ChessBase"]
[SourceDate "2021.10.06"]
[SourceVersion "1"]
[SourceVersionDate "2021.10.06"]
[SourceQuality "1"]
[WhiteTeam "Ostfildern"]
[BlackTeam "Lichtenberg Borussia"]
[WhiteTeamCountry "GER"]
[BlackTeamCountry "GER"]

1. d4 Nf6 2. c4 e6 3. Nf3 Bb4+ 4. Bd2 c5 5. Bxb4 cxb4 6. e3 d6 7. Be2 Nc6 8. 0-0 0-0 9. Qb3 a5 10. Rc1 e5 11. Nbd2 Bg4 12. Qd1 Re8 13. a3 bxa3 14. bxa3 Qe7 15. d5 Nb8 16. Rab1 Bxf3 17. Bxf3 Na6 18. Rb5 a4 19. Be4 Nxe4 20. Nxe4 f5 21. Nc3 Nc5 22. Rcb1 Ra6 23. Rb6 Rea8 24. R1b4 g6 25. Rxa6 Rxa6 26. Nxa4 b6 27. Nxc5 bxc5 28. Rb8+ Kg7 29. Qb3 Kh6 30. g3 Qa7 31. Qb5 Rxa3 32. Qe8 Ra6 33. Rd8 Qb7 34. Rd7 Qb1+ 35. Kg2 f4 36. Qf8+ Kg5 37. h4+ Kg4 38. f3+ 1-0

[Event "GER-ch U14"]
[Site "Willingen"]
[Date "2020.10.21"]
[Round "3"]
[White "Ohler, Julius"]
[Black "Schwartz, Oliver"]
[Result "1-0"]
[WhiteElo "2011"]
[BlackElo "1794"]
[PlyCount "51"]
[EventDate "2020.10.19"]
[EventType "swiss"]
[EventRounds "7"]
[EventCountry "GER"]
[SourceTitle "EXT 2022"]
[Source "ChessBase"]
[SourceDate "2021.10.06"]
[SourceVersion "1"]
[SourceVersionDate "2021.10.06"]
[SourceQuality "1"]

1. c4 Nf6 2. Nc3 g6 3. g3 Bg7 4. Bg2 0-0 5. e4 d6 6. Nge2 c5 7. d3 Nc6 8. 0-0 e5 9. f4 Ne8 10. f5 Rb8 11. g4 f6 12. h4 Nc7 13. Ng3 Nd4 14. Nce2 b5 15. Nxd4 cxd4 16. b3 Na6 17. g5 Nc5 18. fxg6 hxg6 19. h5 Qe8 20. hxg6 Qxg6 21. Nf5 Bxf5 22. exf5 Qh7 23. Bd5+ Kh8 24. g6 Qh4 25. Kg2 Nxd3 26. Rh1 1-0

[Event "GER-chT Lands U20"]
[Site "Berlin"]
[Date "2020.10.02"]
[Round "4.7"]
[White "Mueller, Maximilian3333"]
[Black "Schwartz, Oliver"]
[Result "0-1"]
[WhiteElo "1691"]
[BlackElo "1794"]
[PlyCount "104"]
[EventDate "2020.09.29"]
[EventType "team-swiss"]
[EventRounds "7"]
[EventCountry "GER"]
[SourceTitle "CBM 198 Extra"]
[Source "ChessBase"]
[SourceDate "2020.11.30"]
[SourceVersion "1"]
[SourceVersionDate "2020.11.30"]
[SourceQuality "1"]
[WhiteTeam "Saarland U20"]
[BlackTeam "Wuerttemberg U20"]
[WhiteTeamCountry "GER"]
[BlackTeamCountry "GER"]

1. e4 c5 2. Nf3 Nc6 3. Bb5 g6 4. 0-0 Bg7 5. Re1 Nf6 6. e5 Nd5 7. Nc3 Nb6 8. a4 a6 9. Bf1 Nb4 10. Ne4 0-0 11. c3 Nc6 12. Nxc5 Nxe5 13. Nxe5 d6 14. Ned3 dxc5 15. Nxc5 Qc7 16. d4 e5 17. Nb3 Rd8 18. Be3 Be6 19. Nc5 Qe7 20. a5 Nc4 21. b3 Nxe3 22. fxe3 Rac8 23. b4 Rc7 24. Qe2 Qg5 25. Rad1 Bf8 26. g3 Bg4 27. Qf2 Bxd1 28. Rxd1 Bxc5 29. bxc5 Rxc5 30. c4 Rxa5 31. Rb1 Ra3 32. Rxb7 Qxe3 33. Qxe3 Rxe3 34. d5 Kf8 35. Bh3 Rc3 36. Rc7 a5 37. Bd7 a4 38. Bxa4 Rxd5 39. Rxf7+ Kxf7 40. cxd5 Ke7 41. Kf2 Kd6 42. Bc6 Rc2+ 43. Kf3 Rxh2 44. Kg4 Rg2 45. Kf3 Rc2 46. Bb7 h5 47. Ke4 Rc4+ 48. Kf3 Rd4 49. Bc6 g5 50. Be8 h4 51. gxh4 Rxh4 52. Bf7 Rf4+ 0-1

[Event "Pfalz op-B 11th"]
[Site "Neustadt an der Weinstrasse"]
[Date "2020.02.23"]
[Round "4"]
[White "Schwartz, Oliver"]
[Black "Czappa, Fabian Alexander"]
[Result "1-0"]
[WhiteElo "1700"]
[BlackElo "1805"]
[PlyCount "57"]
[EventDate "2020.02.21"]
[EventType "swiss"]
[EventRounds "7"]
[EventCountry "GER"]
[SourceTitle "CBM 195 Extra"]
[Source "ChessBase"]
[SourceDate "2020.05.31"]
[SourceVersion "1"]
[SourceVersionDate "2020.05.31"]
[SourceQuality "1"]

1. e4 c5 2. Nf3 d6 3. d4 cxd4 4. Nxd4 Nf6 5. Nc3 a6 6. f3 b5 7. Be3 Bb7 8. Qd2 e5 9. Nf5 g6 10. Ng3 d5 11. exd5 Nxd5 12. 0-0-0 Bb4 13. Nge4 f5 14. Bg5 Qc7 15. a3 Bxc3 16. Nxc3 Ne7 17. Bxb5+ Nbc6 18. Bxe7 Qxe7 19. Nd5 Qd8 20. Bxc6+ Bxc6 21. Qc3 Rc8 22. Qxe5+ Kf7 23. Nb4 Qg5+ 24. Kb1 Bb5 25. Qd5+ Kg7 26. Qb7+ Kh6 27. h4 Qg3 28. h5 gxh5 29. Qf7 1-0

[Event "GER-chT U12"]
[Site "Magdeburg"]
[Date "2019.12.28"]
[Round "3.5"]
[White "Kageler, Anton Paul"]
[Black "Schwartz, Oliver"]
[Result "1-0"]
[WhiteElo "1777"]
[BlackElo "1716"]
[PlyCount "89"]
[EventDate "2019.12.27"]
[EventType "team-swiss"]
[EventRounds "7"]
[EventCountry "GER"]
[SourceTitle "CBM 194 Extra"]
[Source "ChessBase"]
[SourceDate "2020.03.31"]
[SourceVersion "1"]
[SourceVersionDate "2020.03.31"]
[SourceQuality "1"]
[WhiteTeam "Halle Roter Turm"]
[BlackTeam "Ostfildern"]
[WhiteTeamCountry "GER"]
[BlackTeamCountry "GER"]

1. e4 c5 2. Nf3 Nc6 3. d4 cxd4 4. Nxd4 Nf6 5. Nc3 e5 6. Ndb5 d6 7. Bg5 a6 8. Na3 b5 9. Nd5 Be7 10. Nxe7 Qxe7 11. Bxb5 axb5 12. Nxb5 Kd7 13. 0-0 Ba6 14. a4 h6 15. Bxf6 Qxf6 16. Qd5 Qe6 17. Qd2 Qg6 18. Rfd1 Bxb5 19. axb5 Nd4 20. Qd3 f5 21. f3 Rhf8 22. Rxa8 Rxa8 23. c3 fxe4 24. fxe4 Nb3 25. Qd5 Ra1 26. Qxb3 Rxd1+ 27. Qxd1 Qxe4 28. h3 Kc7 29. Qf3 Qe1+ 30. Kh2 e4 31. Qf7+ Kb6 32. Qd5 Qe3 33. Qc6+ Ka7 34. Qa6+ Kb8 35. Qxd6+ Kb7 36. Qc6+ Kb8 37. Qd6+ Kb7 38. c4 Qd3 39. Qc6+ Kb8 40. Qe8+ Kb7 41. c5 e3 42. Qe7+ Kb8 43. b6 Qa6 44. Qc7+ Ka8 45. c6 1-0

[Event "GER-chT Lands U20"]
[Site "Wuerzburg"]
[Date "2019.10.02"]
[Round "2.9"]
[White "Hubert, Charlotte"]
[Black "Schwartz, Oliver"]
[Result "1/2-1/2"]
[WhiteElo "1341"]
[BlackElo "1650"]
[PlyCount "86"]
[EventDate "2019.10.01"]
[EventType "team-swiss"]
[EventRounds "7"]
[EventCountry "GER"]
[SourceTitle "EXT 2020"]
[Source "ChessBase"]
[SourceDate "2019.10.17"]
[SourceVersion "1"]
[SourceVersionDate "2019.10.17"]
[SourceQuality "1"]
[WhiteTeam "Hamburg/Schleswig Holstein"]
[BlackTeam "Wuerttemberg"]
[WhiteTeamCountry "GER"]
[BlackTeamCountry "GER"]

1. e4 c5 2. Nf3 Nc6 3. c3 d5 4. exd5 Qxd5 5. d4 e5 6. Nxe5 Nxe5 7. dxe5 Qxe5+ 8. Be2 Nf6 9. 0-0 Qc7 10. Re1 Be7 11. Be3 0-0 12. Qc2 Be6 13. Nd2 Rad8 14. Nf3 Nd5 15. Bd2 Bd6 16. h3 h6 17. Rad1 Nf4 18. Bf1 Bd5 19. Bxf4 Bxf4 20. Be2 Qc6 21. a3 Rd6 22. Qf5 Bxf3 23. Bxf3 Rxd1 24. Rxd1 Qa4 25. b3 g6 26. bxa4 gxf5 27. Bxb7 Be5 28. Rd5 Bxc3 29. Rxc5 Rb8 30. Rxc3 Rxb7 31. Rc5 f4 32. Rf5 Kg7 33. Rxf4 Kg6 34. Rf3 Rb1+ 35. Kh2 Rb7 36. Kg3 Rc7 37. Kh2 Rc4 38. Rg3+ Kf6 39. Rg4 Rc3 40. Rf4+ Kg6 41. Rf3 Rc4 42. Kg1 Rc1+ 43. Kh2 Rc4 1/2-1/2

[Event "GER-ch U12"]
[Site "Willingen"]
[Date "2019.06.09"]
[Round "2"]
[White "Metzdorf, Matteo"]
[Black "Schwartz, Oliver"]
[Result "1/2-1/2"]
[WhiteElo "1837"]
[BlackElo "1616"]
[PlyCount "40"]
[EventDate "2019.06.08"]
[EventType "swiss"]
[EventRounds "9"]
[EventCountry "GER"]
[SourceTitle "CBM 191 Extra"]
[Source "ChessBase"]
[SourceDate "2019.09.30"]
[SourceVersion "1"]
[SourceVersionDate "2019.09.30"]
[SourceQuality "1"]

1. e4 c5 2. Nf3 Nc6 3. d4 cxd4 4. Nxd4 g6 5. c4 Bg7 6. Be3 Nf6 7. Nc3 Ng4 8. Qxg4 Nxd4 9. Qd1 e5 10. Nb5 Qb6 11. b4 d6 12. Rb1 0-0 13. Bd3 Be6 14. Nxd4 exd4 15. Bf4 Rac8 16. Qe2 Be5 17. Bd2 Rfe8 18. 0-0 Qc7 19. Rbc1 Bg7 20. Qf3 Qd7 1/2-1/2